00624 a2200097 4500001000700000020001800007040003200025100002300057245004500080520040100125125164 a9788520912928 cEscola Canadense de Niteroi aMachado, Ana Maria10aO Tesouro Das Cantigas Para Crianças 2 aOrganizadas por Ana Maria Machado e ilustradas por Cláudio Martins, ´O Tesouro das Cantigas 2´ traz as letras de 33 canções, parlendas e trovas infantis brasileiras, para fazer a alegria da garotada junto a pais e professores. Obra que resgata uma bela fatia do patrimônio folclórico brasileiro, conduzindo-a para um contexto atual e urbano. Inclui CD com todas as músicas do livro.